Government action and morality: some principles and concepts of liberal-democracy (Record no. 268)

MARC details
000 -LEADER
fixed length control field 00608nam a2200157 a 4500
008 - FIXED-LENGTH DATA ELEMENTS--GENERAL INFORMATION
fixed length control field 121122s1964 xx |||||||||||||| || u
050 ## - LIBRARY OF CONGRESS CALL NUMBER
Classification number JA 79 Dow
100 ## - MAIN ENTRY--PERSONAL NAME
Personal name Downie, R. S
245 10 - TITLE STATEMENT
Title Government action and morality: some principles and concepts of liberal-democracy
Statement of responsibility, etc. by R. S. Downie
260 ## - PUBLICATION, DISTRIBUTION, ETC.
Place of publication, distribution, etc.
Name of publisher, distributor, etc. MacMillan and Co. Ltd
Date of publication, distribution, etc. 1964
300 ## - PHYSICAL DESCRIPTION
Extent x, 149p.
500 ## - GENERAL NOTE
General note Includes Bibliography
650 #0 - SUBJECT ADDED ENTRY--TOPICAL TERM
Topical term or geographic name entry element POLITICAL SCIENCE
650 ## - SUBJECT ADDED ENTRY--TOPICAL TERM
Topical term or geographic name entry element POLITICAL ETHICS
995 ## -
-- SPECIAL COLLECTIONS
-- 500385
-- CBU-DAG HAMMARSKJOLD INSTITUTE LIBRARY
-- DAG JA 79 Dow
-- 1
-- AVAILABLE
-- Dec 31, 2012
-- 500385
-- DHIPS Book Collection
999 ## -
-- 268
-- 268
Holdings
Withdrawn status Lost status Source of classification or shelving scheme Damaged status Not for loan Permanent Location Current Location Shelving location Date acquired Total Checkouts Full call number Barcode Date last seen Price effective from Koha item type
          CBU-DAG HAMMARSKJOLD INSTITUTE CBU-DAG HAMMARSKJOLD INSTITUTE   11/28/2022   JA 79 Dow 500385 11/28/2022 11/28/2022 MONOGRAPH